<?xml version="1.0" encoding="UTF-8"?><?xml-stylesheet type="text/xsl" href="static/style.xsl"?><OAI-PMH xmlns="http://www.openarchives.org/OAI/2.0/" xmlns:xsi="http://www.w3.org/2001/XMLSchema-instance" xsi:schemaLocation="http://www.openarchives.org/OAI/2.0/ http://www.openarchives.org/OAI/2.0/OAI-PMH.xsd"><responseDate>2026-04-17T07:52:24Z</responseDate><request verb="GetRecord" identifier="oai:www.recercat.cat:2117/116117" metadataPrefix="marc">https://recercat.cat/oai/request</request><GetRecord><record><header><identifier>oai:recercat.cat:2117/116117</identifier><datestamp>2025-07-23T00:12:31Z</datestamp><setSpec>com_2072_1033</setSpec><setSpec>col_2072_452951</setSpec></header><metadata><record xmlns="http://www.loc.gov/MARC21/slim" xmlns:dcterms="http://purl.org/dc/terms/" xmlns:xsi="http://www.w3.org/2001/XMLSchema-instance" xmlns:doc="http://www.lyncode.com/xoai" xsi:schemaLocation="http://www.loc.gov/MARC21/slim http://www.loc.gov/standards/marcxml/schema/MARC21slim.xsd">
   <leader>00925njm 22002777a 4500</leader>
   <datafield ind2=" " ind1=" " tag="042">
      <subfield code="a">dc</subfield>
   </datafield>
   <datafield ind2=" " ind1=" " tag="720">
      <subfield code="a">Nevelinova Yosifova, Mihaela</subfield>
      <subfield code="e">author</subfield>
   </datafield>
   <datafield ind2=" " ind1=" " tag="260">
      <subfield code="c">2018-01-11</subfield>
   </datafield>
   <datafield ind2=" " ind1=" " tag="520">
      <subfield code="a">S'ha partit del disseny actual de l'actuador pneumàtic de la família "pinyó-cremallera", que comercialitza l'empresa ACTREG S.A.U., per a la incorporació d'un element completament integrat en el cos d'aquest.&#xd;
Mitjançant un redisseny i els mínims canvis, s'ha introduït un regulador permanent de cabal / flux d'aire, model no comercialitzat fins ara per cap competidor. Es poden regular les càmeres d'obertura i tancament per separat de l'actuador tenint així, dos sistemes independents. A més, aquest sistema requereix l'ús d'un anti-retorn per poder ajustar el cabal en una sola direcció que, sota un estudi s'ha evidenciat que la regulació ha de ser a la sortida.&#xd;
La finalitat ha estat crear un model comercialitzable i fàcilment manejable, adaptat de manera que s'eviti l'efecte del cop d'ariet causada per la circulació del fluid. Aquest cap s'ha aconseguit mitjançant l'estudi de diferents models 3D amb eines d'elements finits i anàlisi fluid-dinàmic.</subfield>
   </datafield>
   <datafield tag="653" ind2=" " ind1=" ">
      <subfield code="a">Àrees temàtiques de la UPC::Enginyeria mecànica</subfield>
   </datafield>
   <datafield tag="653" ind2=" " ind1=" ">
      <subfield code="a">Machinery</subfield>
   </datafield>
   <datafield tag="653" ind2=" " ind1=" ">
      <subfield code="a">Elements de màquines</subfield>
   </datafield>
   <datafield ind2="0" ind1="0" tag="245">
      <subfield code="a">Regulador de flujo integrado</subfield>
   </datafield>
</record></metadata></record></GetRecord></OAI-PMH>